| 000 | 00514nam a2200157 i 4500 | ||
|---|---|---|---|
| 001 | 27456 | ||
| 003 | ES-MaACL | ||
| 005 | 20230906153624.0 | ||
| 007 | t| | ||
| 008 | 030114s1836 sp ||||1| spa d | ||
| 100 | 1 |
_aAuban y Bonell, Carlos. _923784 |
|
| 245 | 1 | 0 |
_aImportancia del estudio de la Química en general y en particular de la analítica como ramas inseparables de la medicina / _cCarlos Auban y Bonell. |
| 260 |
_aMadrid : _b[s.n., _c1836] |
||
| 502 | _aTesis doctoral. | ||
| 852 |
_aES-MaACL _jT-676-F-11 |
||
| 999 |
_c27456 _d27456 |
||